Представление документа в формате RUSMARC

ПолеНазваниеЗначение
  Тип записи c
  Библиографический уровень m
001 Контрольный номер RU/УОНБ/EK_N/592765757
005 Дата корректировки 20250226143131.4
013 Номер (ISMN) __
a Номер (ISMN) 979-0-3522-0666-3
d Цена 168 р.
071 Издательские номер (звукозапись и ноты) 21
a Номер, присвоенный агентством 6575
100 Данные общей обработки __
a Данные общей обработки 20181013d2014 u y0rusy0189 ca
101 Язык документа 0_
a Язык текста rus
f Язык титульного листа rus
102 Страна публикации __
a Страна публикации RU
125 Кодированные данные звукозаписи и нотных изданий __
a Форма изложения нотного текста с
128 Кодированные данные (звукозаписи-физические характеристики) __
a Кодированные данные: Музыкальная форма и тональность или лад zz
c Инструменты или голоса, рекомендуемые для солистов (устаревшее) kt
200 Заглавие и сведения об ответственности 1_
a Заглавие [Выпуск 1]
203 Вид содержания и тип средства __
a Вид содержания Музыка
b Характеристика содержания знаковая
c Тип средства непосредственная
210 Выходные данные 1_
d Дата издания 2014
215 Физическое описание __
a Объем 28 с.
327 Примечание о содержании 11
a Примечание о содержании Содерж.: Шостакович Д. Родина слышит. - Портнов Г. Ванечка. - Репников А. В школу ; Кискино горе. - Баневич С. Незнайка на уроке. - Каркич Е. Весёлые воробышки. - Шнитке А. Кукушка и дятел. - Фадеев В. Аттракцион. - Гаврилин В. Весёлая прогулка. - Хромушин О. Медленный вальс. - Лихачёв М. Менуэт. - Портнов Г. Полонез из оперы "Король и Золушка". - Шостакович Д. Романс из кинофильма "Овод".
461 Уровень набора _0
1 2001
a Современная музыка в классе баяна (аккордеона)
e учебное пособие для ДМШ
f перелож., ред. и составление Юрия Лихачева
v [Выпуск 1]
1 2101
a СПб.
c Композитор
d 2014 -
1 001RU/УОНБ/EK_N/592765253
464 Аналитический уровень _0
1 700 1
a Шостакович
b Д.
1 2001
a Родина слышит
464 Аналитический уровень _0
1 700 1
a Портнов
b Г.
1 2001
a Ванечка
464 Аналитический уровень _0
1 700 1
a Репников
b А.
1 2001
a В школу
464 Аналитический уровень _0
1 700 1
a Репников
b А.
1 2001
a Кискино горе
464 Аналитический уровень _0
1 700 1
a Баневич
b С.
1 2001
a Незнайка на уроке
464 Аналитический уровень _0
1 700 1
a Каркич
b Е.
1 2001
a Весёлые воробышки
464 Аналитический уровень _0
1 700 1
a Шнитке
b А.
1 2001
a Кукушка и дятел
464 Аналитический уровень _0
1 700 1
a Фадеев
b В.
1 2001
a Аттракцион
464 Аналитический уровень _0
1 700 1
a Гаврилин
b В.
1 2001
a Весёлая прогулка
464 Аналитический уровень _0
1 700 1
a Хромушин
b О.
1 2001
a Медленный вальс
464 Аналитический уровень _0
1 700 1
a Лихачёв
b М.
1 2001
a Менуэт
464 Аналитический уровень _0
1 700 1
a Портнов
b Г.
1 2001
a Полонез
e из оперы "Король и Золушка"
1 50010
a Король и Золушка
464 Аналитический уровень _0
1 700 1
a Шостакович
b Д.
1 2001
a Романс
e из кинофильма "Овод"
1 50010
a Овод
606 Тематические рубрики 0_
a Основная рубрика Баян
x Основная подрубрика Педагогический репертуар ДМШ
610 Ключевые слова 0_
a Ключевые слова баян
610 Ключевые слова 0_
a Ключевые слова педагогический репертуар ДМШ
686 Индексы других классификаций __
a Классификационный индекс 85.954.693
2 Код системы rubbk
801 Источник записи _0
a Страна RU
b Организация Ульяновская ОНБ
c Дата составления 20181013
g Правила каталогизации RCR
801 Источник записи _1
a Страна RU
b Организация Ульяновская ОНБ
c Дата составления 20181013
g Правила каталогизации RCR
901 Тип документа __
t Тип документа n
w Контрольный № источника RU/УОНБ/EK_N/592765253
909 Создатель записи __
a Создатель записи Никитина Т. А.
910 Корректоры записи __
a Корректор записи Грязнова И. Е.
b Дата внесения изменения в запись 20250226